Design for the real world : Human ecology and social change

Bewaard in:
Bibliografische gegevens
Hoofdauteur: Papanek, Victor
Formaat: Boek
Taal:Undetermined
Gepubliceerd in: New York Pantheon Books 1973
Onderwerpen:
Tags: Voeg label toe
Geen labels, Wees de eerste die dit record labelt!
Thư viện lưu trữ: Trung tâm Học liệu Trường Đại học Cần Thơ
LEADER 00511nam a2200181Ia 4500
001 CTU_78132
008 210402s9999 xx 000 0 und d
082 |a 745.2 
082 |b P213 
100 |a Papanek, Victor 
245 0 |a Design for the real world : 
245 0 |b Human ecology and social change 
245 0 |c Victor Papanek 
260 |a New York 
260 |b Pantheon Books 
260 |c 1973 
650 |a Design industrial,Human engineering 
980 |a Trung tâm Học liệu Trường Đại học Cần Thơ